LEADER 00921nam0-22003251i-450- 001 990003297590403321 005 20061123144202.0 010 $a88-464-1436-5 035 $a000329759 035 $aFED01000329759 035 $a(Aleph)000329759FED01 035 $a000329759 100 $a20030910d1999----km-y0itay50------ba 101 0 $aita 102 $aIT 105 $ay-------001yy 200 1 $aInsegnare all'università$fa cura di Matilde Callari Galli e Franco Frabboni 210 $aMilano$cFranco Angeli$d1999 215 $a217 p.$d22 cm 610 0 $ametodologie$amodell innovativi 676 $a042.001 702 1$aCallari Galli,$bMatilde$f<1934- > 702 1$aFrabboni,$bFranco$f<1935- > 801 0$aIT$bUNINA$gRICA$2UNIMARC 901 $aBK 912 $a990003297590403321 952 $a042.001.CAL$b2261$fDECGE 959 $aDECGE 996 $aInsegnare all'università$9445940 997 $aUNINA LEADER 01353cam0-22004211i-450- 001 990007012900403321 005 20050615115502.0 010 $a88-13-16135-2 035 $a000701290 035 $aFED01000701290 035 $a(Aleph)000701290FED01 035 $a000701290 100 $a20011205d1987----km-y0itay50------ba 101 0 $aita 102 $aIT 105 $ay-------101yy 200 1 $aProcreazione artificiale e interventi nella genetica umana$eatti del Convegno di Verona, 2-3-4 e 25 ottobre 1986$fpromosso dall'Istituto giuridico italiano e dal Consiglio dell'Ordine degli avvocati e procuratori di Verona [...] 210 $aPadova$cCedam$d1987 215 $aXIV, 362 p.$d24 cm 225 1 $a<>libri dell'Istituto giuridico italiano$v5 610 0 $aFecondazione artificiale$aAspetti giuridici$aCongressi$a1986 676 $a344 676 $a346.015 676 $a346.01 712 02$aIstituto giuridico italiano 801 0$aIT$bUNINA$gRICA$2UNIMARC 901 $aBK 912 $a990007012900403321 952 $aII EE 24$fDCEC 952 $a10-C-478$b8876$fDDCP 952 $aA-I-A-45$b57 dip.$fDDRC 952 $a3-23$b893$fDSPCP 959 $aDSPCP 959 $aDDCP 959 $aDDRC 959 $aDCEC 996 $aProcreazione artificiale e interventi nella genetica umana$9697166 997 $aUNINA